00686nam a2200229Ia 4500999001500000020001800015082001500033245004000048260003900088300001100127440003700138504001900175650002700194650001500221650001900236650001600255650001900271700001700290700002100307942000700328952012100335 c4967d4967 a1-4051-1468-1 a306.2 ANA- 0aAnthropology of the state: a reader aMaldenbBlackwell Publishingc2006 ax, 410 aBlackwell readers in anthropolgy aincludes index aPolitical anthropology aState, The aNational state aSovereignty aWorld politics aGupta, Akhil aSharma, Aradhana cBK 00104070aNASSDOCbNASSDOCd2006-03-27eIBDi2006-03-06l0o306.2 ANA-p41714r2019-04-18 00:00:00w2019-04-18yBK